[Event "12th Reykjavik op"]
[Site "Reykjavik ISL"]
[Date "1986.02.11"]
[Round "1.3"]
[White "Tal, Mikhail"]
[Black "Kristiansen, Jens"]
[Result "1/2-1/2"]
[WhiteElo "2600"]
[BlackElo "2395"]
[EventDate "1986.02.11"]
[PlyCount "59"]

1.e4 g6 2.d4 Bg7 3.Nc3 d6 4.Bg5 c6 5.Qd2 Nd7 6.f4 b5 7.Nf3 Ngf6 8.Bd3 Nb6 
9.O-O O-O 10.Rae1 b4 11.Ne2 c5 12.Ng3 Bb7 13.e5 c4 14.Be2 Nfd5 15.f5 dxe5 
16.fxg6 hxg6 17.Nxe5 c3 18.bxc3 Nxc3 19.Qf4 Nxe2+ 20.Rxe2 Nd5 21.Qh4 f6 
22.Nxg6 fxg5 23.Rxf8+ Qxf8 24.Qe4 Qf6 25.Rf2 Qxd4 26.Qe6+ Kh7 27.Qh3+ Kg8 
28.Qe6+ Kh7 29.Qf5 Kg8 30.Qe6+ 1/2-1/2

[Event "12th Reykjavik op"]
[Site "Reykjavik ISL"]
[Date "1986.02.11"]
[Round "1.5"]
[White "Nikolic, Predrag"]
[Black "Dehmelt, Karl"]
[Result "1-0"]
[WhiteElo "2565"]
[BlackElo "2355"]
[EventDate "1986.02.11"]
[PlyCount "93"]

1.Nf3 d5 2.d4 Nf6 3.c4 dxc4 4.Nc3 e6 5.e4 Bb4 6.Bg5 Bxc3+ 7.bxc3 h6 8.Bxf6
Qxf6 9.Bxc4 Nd7 10.O-O O-O 11.e5 Qe7 12.Qe2 Rd8 13.a4 Nf8 14.Qe3 Bd7 15.
Nd2 Rac8 16.Bd3 c5 17.Ne4 cxd4 18.cxd4 Bc6 19.Nd6 Rc7 20.f4 f5 21.Bc4 Kh8 
22.Bb3 Rcd7 23.d5 exd5 24.Nxf5 Qb4 25.Nd4 Re7 26.Rfd1 Rde8 27.Bc2 Qc5 28.
Rac1 Qb6 29.Qc3 Rc8 30.Rb1 Qd8 31.Qg3 Qc7 32.Nf5 Re6 33.Nd6 Rxd6 34.exd6 
Qxd6 35.f5 Qxg3 36.hxg3 Nd7 37.a5 Nf6 38.Bd3 Ne4 39.Rdc1 a6 40.g4 Nf6 41.
Bxa6 Ra8 42.Bxb7 Bxb7 43.Rxb7 Rxa5 44.Rc8+ Kh7 45.Rcc7 Ra1+ 46.Kh2 Nxg4+ 
47.Kg3 1-0

[Event "12th Reykjavik op"]
[Site "Reykjavik ISL"]
[Date "1986.02.11"]
[Round "1.6"]
[White "Pyhala, Antti"]
[Black "Christiansen, Larry"]
[Result "1-0"]
[WhiteElo "2340"]
[BlackElo "2555"]
[EventDate "1986.02.11"]
[PlyCount "113"]

1.e4 c6 2.d4 d5 3.exd5 cxd5 4.c4 Nf6 5.Nc3 e6 6.cxd5 Nxd5 7.Nf3 Be7 8.Bd3 
Nc6 9.O-O O-O 10.a3 Nf6 11.Re1 b6 12.Bc2 Ba6 13.b4 Rc8 14.b5 Na5 15.Qd3 
Qc7 16.Bd2 Nc4 17.Ne4 Nxe4 18.Qxe4 g6 19.Bf4 Bd6 20.Bh6 Bxb5 21.Bd3 Rfd8 
22.Qh4 Be7 23.Bg5 Nd2 24.Bxe7 Nxf3+ 25.gxf3 Bxd3 26.Bf6 h5 27.Be5 Qc6 28.
Qf6 Kf8 29.Qg7+ Ke8 30.Bf6 Qd6 31.d5 Qf8 32.Qxf8+ Kxf8 33.Bxd8 Rxd8 34.
dxe6 fxe6 35.Rxe6 Bf5 36.Re3 b5 37.Kg2 Rd4 38.Rae1 a5 39.Re8+ Kf7 40.R1e7+
Kf6 41.Rb7 Bd3 42.Rc8 Kg5 43.Kg3 h4+ 44.Kg2 Kf4 45.Rc5 Bf5 46.h3 Bd7 47.
Rb6 Bf5 48.Rbxb5 Rd1 49.Rb6 Ra1 50.Rxa5 Ra2 51.Rb4+ Kg5 52.a4 Ra1 53.Rc5 
Ra2 54.a5 Ra3 55.Rb6 Kf4 56.a6 Bd3 57.Rb4+ 1-0

[Event "12th Reykjavik op"]
[Site "Reykjavik ISL"]
[Date "1986.02.11"]
[Round "1.7"]
[White "Benjamin, Joel"]
[Black "Olafsson, David"]
[Result "1/2-1/2"]
[WhiteElo "2555"]
[BlackElo "2325"]
[EventDate "1986.02.11"]
[PlyCount "90"]

1.d4 d5 2.c4 e6 3.Nf3 c5 4.cxd5 exd5 5.Nc3 Nc6 6.g3 c4 7.Bg2 Bb4 8.O-O 
Nge7 9.Ne5 O-O 10.Nxc6 bxc6 11.e4 Be6 12.Bg5 Rb8 13.Qa4 f6 14.Bd2 c5 15.
Bf4 Rb7 16.exd5 Bxc3 17.dxe6 Rxb2 18.dxc5 Rxf2 19.Rad1 Rxg2+ 20.Kxg2 Qa8+ 
21.c6 Nxc6 22.Kh3 Nd4 23.Rxd4 Bxd4 24.Qxc4 Qc8 25.Qxd4 Qxe6+ 26.Kg2 Qxa2+ 
27.Rf2 Qf7 28.Rd2 a5 29.Qd7 Qb3 30.Bd6 Ra8 31.Qc6 Rd8 32.Qc7 Ra8 33.Bf4 
Qb5 34.Rd8+ Rxd8 35.Qxd8+ Kf7 36.Qc7+ Kg6 37.Qc2+ Kf7 38.Kf2 h5 39.Bd6 a4 
40.Ba3 Kg8 41.Qc8+ Kh7 42.Qc2+ Kg8 43.Ke3 Qe5+ 44.Kf2 Qd4+ 45.Kf1 h4 
1/2-1/2

[Event "12th Reykjavik op"]
[Site "Reykjavik ISL"]
[Date "1986.02.11"]
[Round "1.8"]
[White "Karklins, Andrew"]
[Black "Dlugy, Maxim"]
[Result "1-0"]
[WhiteElo "2320"]
[BlackElo "2545"]
[EventDate "1986.02.11"]
[PlyCount "43"]

1.e4 c6 2.d4 d5 3.Nc3 dxe4 4.Nxe4 Nd7 5.Bg5 Ngf6 6.Qd3 Nxe4 7.Qxe4 Qa5+ 8.
Bd2 Qb6 9.O-O-O Nf6 10.Qe5 Be6 11.Ba5 Ng4 12.Qe1 Qxa5 13.Qxa5 Nxf2 14.d5 
Bd7 15.dxc6 Bxc6 16.Bb5 Nxd1 17.Bxc6+ bxc6 18.Qc7 Rd8 19.Qxc6+ Rd7 20.Nf3 
g6 21.Rxd1 Bh6+ 22.Kb1 1-0

[Event "12th Reykjavik op"]
[Site "Reykjavik ISL"]
[Date "1986.02.11"]
[Round "1.9"]
[White "Olafsson, Helgi"]
[Black "Karason, Askell Orn"]
[Result "1-0"]
[WhiteElo "2545"]
[BlackElo "2315"]
[EventDate "1986.02.11"]
[PlyCount "47"]

1.Nf3 c5 2.c4 Nf6 3.Nc3 b6 4.e3 e6 5.d4 cxd4 6.exd4 Bb7 7.Bd3 d5 8.Bg5 
dxc4 9.Bxc4 Be7 10.O-O O-O 11.Qe2 Nc6 12.Rad1 Nb4 13.Ne5 Nbd5 14.Rd3 Nxc3 
15.bxc3 Rc8 16.Rh3 Ne4 17.Bc1 g6 18.Bh6 b5 19.Bxf8 Bxf8 20.Nxf7 Kxf7 21.
Rxh7+ Bg7 22.Bxe6+ Kf8 23.Qf3+ Qf6 24.Bxc8 1-0

[Event "12th Reykjavik op"]
[Site "Reykjavik ISL"]
[Date "1986.02.11"]
[Round "1.10"]
[White "Hardarson, Robert"]
[Black "Lein, Anatoly"]
[Result "1/2-1/2"]
[WhiteElo "2310"]
[BlackElo "2535"]
[EventDate "1986.02.11"]
[PlyCount "137"]

1.e4 c5 2.Nf3 d6 3.d4 cxd4 4.Nxd4 Nf6 5.Nc3 e6 6.Be3 Be7 7.f3 a6 8.Qd2 O-O
9.g4 Nc6 10.O-O-O Nxd4 11.Bxd4 e5 12.Be3 Be6 13.Kb1 b5 14.g5 Nd7 15.Nd5 
Bxd5 16.Qxd5 Bxg5 17.Qxd6 Bxe3 18.Qxd7 Qf6 19.Qf5 Rfd8 20.Be2 Qe7 21.Rd5 
Rxd5 22.exd5 Rd8 23.Qe4 Bf4 24.h4 h5 25.c3 g6 26.Bd1 Qc5 27.Bb3 Rd6 28.Rd1
Kg7 29.a3 Kf6 30.Ka2 Ke7 31.Re1 Kd8 32.Rd1 Kd7 33.Re1 Qf2 34.Re2 Qxh4 35.
c4 bxc4 36.Qxc4 Qf6 37.Ba4+ Ke7 38.Qc8 Rd8 39.Qc5+ Qd6 40.Qa7+ Kf8 41.Rc2 
e4 42.fxe4 Be5 43.Rf2 Qe7 44.Qxa6 Kg7 45.Qc4 h4 46.Qf1 Bf6 47.Bd1 Qe5 48.
Qg2 Rb8 49.Bb3 Qg3 50.Qxg3 hxg3 51.Rg2 Be5 52.Bd1 Kf6 53.Bf3 Kg5 54.Rd2 
Kf4 55.Bg2 Rh8 56.b4 Rh2 57.a4 Rxg2 58.Rxg2 Kxe4 59.a5 Kxd5 60.a6 Kc6 61.
b5+ Kb6 62.Kb3 f5 63.Re2 Bb8 64.Re6+ Kxb5 65.Rxg6 f4 66.Rg8 Kxa6 67.Kc2 f3
68.Kd2 Bf4+ 69.Ke1 1/2-1/2

[Event "12th Reykjavik op"]
[Site "Reykjavik ISL"]
[Date "1986.02.11"]
[Round "1.11"]
[White "Gheorghiu, Florin"]
[Black "Angantysson, Haukur"]
[Result "1-0"]
[WhiteElo "2525"]
[BlackElo "2305"]
[EventDate "1986.02.11"]
[PlyCount "97"]

1.d4 Nf6 2.c4 g6 3.Nc3 Bg7 4.e4 d6 5.f3 O-O 6.Be3 e5 7.d5 Nh5 8.Qd2 f5 9.
O-O-O f4 10.Bf2 Bf6 11.Qe1 Nd7 12.Kb1 Be7 13.Nge2 b6 14.b4 a5 15.a3 Bb7 
16.Nc1 Nb8 17.Nb3 axb4 18.axb4 Na6 19.Na2 Qd7 20.Kb2 Kh8 21.Ra1 h6 22.Nac1
Nb8 23.Nd3 c5 24.Rxa8 Bxa8 25.Qa1 Qb7 26.Be2 Nd7 27.Rb1 Qc7 28.bxc5 dxc5 
29.Kc2 Bb7 30.Rb2 Ra8 31.Ra2 Rxa2+ 32.Qxa2 Nhf6 33.Qa1 g5 34.Be1 Bd6 35.
Bc3 Kg7 36.Nd2 h5 37.Kc1 Nh7 38.Bd1 Nhf8 39.Ba4 Bc8 40.h4 Kg6 41.hxg5 Kxg5
42.g3 fxg3 43.f4+ exf4 44.e5 Nxe5 45.Bxe5 Bxe5 46.Nf3+ Kg4 47.Ndxe5+ Kh3 
48.Kd2 g2 49.Qg1 1-0

[Event "12th Reykjavik op"]
[Site "Reykjavik ISL"]
[Date "1986.02.11"]
[Round "1.12"]
[White "Karlsson, Hilmar"]
[Black "Geller, Efim"]
[Result "0-1"]
[WhiteElo "2305"]
[BlackElo "2525"]
[EventDate "1986.02.11"]
[PlyCount "42"]

1.e4 e5 2.Nf3 Nc6 3.Nc3 g6 4.d4 exd4 5.Nd5 Bg7 6.Bg5 Nce7 7.Nxd4 h6 8.Bh4 
c6 9.Nxe7 Nxe7 10.Qd2 d5 11.exd5 g5 12.Bg3 Qxd5 13.c3 O-O 14.Nb3 a5 15.Nc1
Bf5 16.f3 Rad8 17.Qxd5 Nxd5 18.Ne2 Ne3 19.Rc1 Rfe8 20.Bc7 Rd7 21.Bb6 Nxf1 
0-1

[Event "12th Reykjavik op"]
[Site "Reykjavik ISL"]
[Date "1986.02.11"]
[Round "1.14"]
[White "Burger, Karl"]
[Black "Petursson, Margeir"]
[Result "1-0"]
[WhiteElo "2290"]
[BlackElo "2520"]
[EventDate "1986.02.11"]
[PlyCount "87"]

1.d4 Nf6 2.Nf3 e6 3.c4 b6 4.g3 Ba6 5.b3 d5 6.Bg2 dxc4 7.Ne5 Bb4+ 8.Kf1 Bd6
9.Nxc4 Nd5 10.e4 Ne7 11.Bb2 Nbc6 12.Nd2 O-O 13.Kg1 b5 14.Ne3 f5 15.exf5 
exf5 16.a3 Qe8 17.f4 Rd8 18.b4 Kh8 19.Kf2 Bb7 20.Re1 a5 21.d5 Nb8 22.Nb3 
a4 23.Qd4 Qf7 24.Na5 Ba8 25.Rad1 Nd7 26.Qd3 Rb8 27.Kg1 Nb6 28.Nc6 Bxc6 29.
dxc6 Rbd8 30.Qxb5 Qb3 31.Qe2 Rfe8 32.Nxf5 Ng6 33.Qxe8+ Rxe8 34.Rxe8+ Bf8 
35.Rdd8 Kg8 36.Bxg7 Kf7 37.Bxf8 Qb1+ 38.Bf1 Qxf5 39.Bc5 Qc2 40.Re2 Qc3 41.
f5 Ne5 42.Re3 Qa1 43.Bd4 Qc1 44.Rxe5 1-0

[Event "12th Reykjavik op"]
[Site "Reykjavik ISL"]
[Date "1986.02.11"]
[Round "1.15"]
[White "De Firmian, Nick"]
[Black "Jonasson, Benedikt"]
[Result "1-0"]
[WhiteElo "2520"]
[BlackElo "2290"]
[EventDate "1986.02.11"]
[PlyCount "89"]

1.e4 c5 2.Nf3 Nc6 3.d4 cxd4 4.Nxd4 g6 5.c4 Bg7 6.Be3 Nf6 7.Nc3 O-O 8.Be2 
b6 9.O-O Bb7 10.f3 e6 11.Qd2 d5 12.Nxc6 Bxc6 13.cxd5 exd5 14.e5 Nd7 15.f4 
Nc5 16.Rfd1 Ne4 17.Nxe4 dxe4 18.Qb4 Qc7 19.Rac1 Qb7 20.Rd6 Bd5 21.Rd1 Be6 
22.Qa4 Rab8 23.Ba6 Qa8 24.Bb5 Rbc8 25.Bc6 Qb8 26.Qxe4 Rfd8 27.Bd7 Rxd7 28.
Rxd7 Bxd7 29.Rxd7 Re8 30.Qd5 Rf8 31.e6 Bf6 32.exf7+ Kg7 33.g4 Kh8 34.g5 
Bg7 35.Kf2 Qc8 36.Kg3 h5 37.f5 gxf5 38.Qxf5 Qc4 39.g6 Qe2 40.Qf4 Qe1+ 41.
Kh3 Qe2 42.Rd2 Qb5 43.Bd4 Qd7+ 44.Kg3 Qe6 45.Qh6# 1-0

[Event "12th Reykjavik op"]
[Site "Reykjavik ISL"]
[Date "1986.02.11"]
[Round "1.16"]
[White "Jonsson, Bjorgvin"]
[Black "Alburt, Lev"]
[Result "1/2-1/2"]
[WhiteElo "2290"]
[BlackElo "2515"]
[EventDate "1986.02.11"]
[PlyCount "90"]

1.d4 Nf6 2.c4 c5 3.e3 g6 4.Nc3 Bg7 5.Nf3 O-O 6.dxc5 Na6 7.Be2 Nxc5 8.O-O 
b6 9.Nd4 Bb7 10.b4 Nce4 11.Nxe4 Nxe4 12.Bb2 d5 13.cxd5 Qxd5 14.f3 Qg5 15.
Qd3 Nd6 16.e4 Rfd8 17.f4 Qh6 18.e5 Nf5 19.Nxf5 gxf5 20.Qe3 Be4 21.Rfd1 Qe6
22.Bf3 Qc4 23.a3 Bxf3 24.Qxf3 Qc2 25.Bd4 Rac8 26.h3 e6 27.Bf2 h6 28.Bh4 
Rd2 29.Rxd2 Qxd2 30.Rd1 Rc1 31.Rxc1 Qxc1+ 32.Kh2 Kh7 33.Be7 b5 34.Bc5 a6 
35.Kg3 Kg6 36.Be7 Qc4 37.Kh2 Qc1 38.Qg3+ Kh7 39.Bf6 Bf8 40.Qf3 a5 41.bxa5 
Bxa3 42.Qa8 Qxf4+ 43.Kh1 Qc1+ 44.Kh2 Qf4+ 45.Kh1 Qc1+ 1/2-1/2

[Event "12th Reykjavik op"]
[Site "Reykjavik ISL"]
[Date "1986.02.11"]
[Round "1.17"]
[White "Quinteros, Miguel Angel"]
[Black "Hansson, Dan"]
[Result "1/2-1/2"]
[WhiteElo "2510"]
[BlackElo "2280"]
[EventDate "1986.02.11"]
[PlyCount "105"]

1.d4 Nf6 2.c4 g6 3.Nc3 Bg7 4.g3 O-O 5.Bg2 d6 6.Nf3 c6 7.O-O Bf5 8.Ne1 e5 
9.d5 cxd5 10.cxd5 a5 11.Nc2 Na6 12.Na3 Rc8 13.Bd2 Nc5 14.Nc4 Nce4 15.Nxe4 
Rxc4 16.Nxf6+ Bxf6 17.Qb3 Qc7 18.Bxa5 Qc5 19.Bc3 b5 20.a3 Rc8 21.Bb4 Qb6 
22.e4 Bg4 23.Bd2 Bd8 24.Rfe1 Rc2 25.Be3 Qa5 26.Bf1 Bb6 27.Rab1 Bxe3 28.
Qxe3 b4 29.Bd3 R2c7 30.Qd2 Rb8 31.Rbc1 Ra7 32.axb4 Qxb4 33.Rc2 Qxd2 34.
Rxd2 Rab7 35.Rb1 Bf3 36.Rc2 Rb3 37.Rc3 Rxb2 38.Rbc1 Rd2 39.h4 h5 40.Bf1 
Bg4 41.Rc6 Rbb2 42.Rxd6 Rxf2 43.Rdc6 Bf3 44.R1c3 Bg4 45.Re3 Bd7 46.Rc1 Kf8
47.Ra1 Ke7 48.Ra7 Rfd2 49.Rc3 Rd1 50.Rf3 Rbb1 51.Kg2 Rb2+ 52.Rf2 Rbb1 53.
Rc2 1/2-1/2

[Event "12th Reykjavik op"]
[Site "Reykjavik ISL"]
[Date "1986.02.11"]
[Round "1.18"]
[White "Herzog, Juerg"]
[Black "Browne, Walter Shawn"]
[Result "0-1"]
[WhiteElo "2280"]
[BlackElo "2510"]
[EventDate "1986.02.11"]
[PlyCount "46"]

1.d4 Nf6 2.c4 e6 3.Nf3 b6 4.Nc3 Bb4 5.Bf4 Bb7 6.Qb3 a5 7.e3 d6 8.Bd3 Nbd7 
9.Qc2 Qe7 10.Bg5 e5 11.dxe5 Nxe5 12.Nxe5 Qxe5 13.Bf4 Bxc3+ 14.Kf1 Qe6 15.
Qxc3 Nh5 16.Qc2 g6 17.Qa4+ Kd8 18.Bg3 f5 19.Bh4+ Kc8 20.Re1 f4 21.c5 Qd5 
22.Ke2 g5 23.Rc1 dxc5 0-1

[Event "12th Reykjavik op"]
[Site "Reykjavik ISL"]
[Date "1986.02.11"]
[Round "1.19"]
[White "Hansen, Curt"]
[Black "Halldorsson, Gudmundur"]
[Result "1-0"]
[WhiteElo "2510"]
[BlackElo "2270"]
[EventDate "1986.02.11"]
[PlyCount "87"]

1.d4 d5 2.c4 Nc6 3.Nc3 dxc4 4.Nf3 Nf6 5.e3 Bg4 6.Bxc4 e6 7.Bb5 Bb4 8.Qa4 
Bxf3 9.gxf3 Qd6 10.Ke2 Bxc3 11.bxc3 Nd5 12.Qb3 a6 13.Bd3 b5 14.Ba3 Qd7 15.
Bc5 Nce7 16.a4 O-O 17.Ra3 bxa4 18.Qc2 f5 19.Rb1 Rfb8 20.Rxb8+ Rxb8 21.Bxa6
Qc6 22.Bd3 Ng6 23.c4 Ndf4+ 24.exf4 Nxf4+ 25.Ke1 Qxf3 26.Bf1 Rb3 27.Rxb3 
axb3 28.Qc1 Qe4+ 29.Kd2 Qf3 30.Qe1 Qa8 31.Kc3 Qa5+ 32.Bb4 Qa2 33.Qd2 Qb1 
34.Bd3 Nxd3 35.Qxd3 Qe1+ 36.Kxb3 Qxf2 37.Qg3 Qxg3+ 38.hxg3 Kf7 39.Kc3 g5 
40.d5 e5 41.Ba5 Kf6 42.Bxc7 h5 43.Bd8+ Kg6 44.d6 1-0

[Event "12th Reykjavik op"]
[Site "Reykjavik ISL"]
[Date "1986.02.11"]
[Round "1.20"]
[White "Josteinsson, Leifur"]
[Black "Hjartarson, Johann"]
[Result "0-1"]
[WhiteElo "2260"]
[BlackElo "2505"]
[EventDate "1986.02.11"]
[PlyCount "65"]

1.d4 Nf6 2.c4 e6 3.Nf3 b6 4.a3 Ba6 5.Nfd2 c5 6.e4 cxd4 7.e5 Ng8 8.Ne4 Nc6 
9.Bf4 f5 10.Ng5 g6 11.Qf3 Qc7 12.Qg3 Nge7 13.h4 Bg7 14.Nf3 h6 15.Nbd2 
O-O-O 16.Nb3 Rdg8 17.Nbxd4 Nxd4 18.Nxd4 g5 19.hxg5 hxg5 20.Rxh8 Bxh8 21.
Bxg5 Bxe5 22.Qh4 Ng6 23.Qh7 Rg7 24.Qh6 Bxd4 25.O-O-O Qe5 26.Rd2 Rg8 27.Qh7
Qg7 28.Qh3 Rh8 29.Qd3 Rh1 30.f4 Rxf1+ 31.Qxf1 Be3 32.Qd3 Bxd2+ 33.Kxd2 0-1

[Event "12th Reykjavik op"]
[Site "Reykjavik ISL"]
[Date "1986.02.11"]
[Round "1.21"]
[White "Byrne, Robert"]
[Black "Johannesson, Larus"]
[Result "1-0"]
[WhiteElo "2505"]
[BlackElo "2250"]
[EventDate "1986.02.11"]
[PlyCount "61"]

1.e4 c5 2.Nf3 e6 3.d4 cxd4 4.Nxd4 Nc6 5.Nb5 d6 6.c4 Nf6 7.N5c3 Be7 8.g3 b6
9.Bg2 Bb7 10.O-O O-O 11.b3 Rc8 12.Bb2 Rc7 13.Na3 Qa8 14.Nc2 Nb8 15.Re1 Rd8
16.Qe2 Nfd7 17.Rad1 Rcc8 18.f4 a6 19.g4 h6 20.Nd4 Nc6 21.Nf3 Nf8 22.g5 Ng6
23.gxh6 Nxf4 24.Qd2 g5 25.h4 Ne5 26.Nxg5 Bxg5 27.hxg5 Nxg2 28.Qxg2 Kh7 29.
Na4 Rg8 30.Bxe5 dxe5 31.Rd7 1-0

[Event "12th Reykjavik op"]
[Site "Reykjavik ISL"]
[Date "1986.02.11"]
[Round "1.23"]
[White "Fedorowicz, John"]
[Black "Thorhallsson, Throestur"]
[Result "1-0"]
[WhiteElo "2500"]
[BlackElo "2245"]
[EventDate "1986.02.11"]
[PlyCount "105"]

1.d4 d5 2.c4 e6 3.Nf3 c6 4.Qc2 Nd7 5.g3 Ngf6 6.Bg2 Bd6 7.O-O O-O 8.Nbd2 
Qe7 9.Re1 e5 10.dxe5 Nxe5 11.cxd5 Nxd5 12.Nxe5 Bxe5 13.Nc4 Nb4 14.Qb1 Bd4 
15.Be3 Bxe3 16.Nxe3 f5 17.a3 Na6 18.b4 f4 19.Nf1 Qf6 20.Bf3 Bf5 21.Qc1 
fxg3 22.hxg3 Nc7 23.Ne3 Ne6 24.Nxf5 Qxf5 25.Qc4 Kh8 26.Qg4 Qf6 27.Rf1 Nd4 
28.Bg2 Rae8 29.e3 Nf3+ 30.Bxf3 Qxf3 31.Qxf3 Rxf3 32.Rad1 Rf7 33.Rd6 Ref8 
34.f4 Re7 35.Re1 Rfe8 36.e4 Kg8 37.e5 Kf7 38.Kf2 a5 39.Kf3 Ra8 40.Kg4 axb4
41.axb4 Ra4 42.Re4 c5 43.Rc4 Rxb4 44.Rxc5 b6 45.Rcd5 Rb3 46.f5 Rb4+ 47.Kh3
Re4 48.e6+ Kf6 49.Rd7 g6 50.g4 h5 51.g5+ Kxg5 52.Rxe7 gxf5 53.Rf7 1-0

[Event "12th Reykjavik op"]
[Site "Reykjavik ISL"]
[Date "1986.02.11"]
[Round "1.26"]
[White "Halldorsson, Bragi"]
[Black "Reshevsky, Samuel Herman"]
[Result "1-0"]
[WhiteElo "2235"]
[BlackElo "2485"]
[EventDate "1986.02.11"]
[PlyCount "133"]

1.d4 Nf6 2.Nf3 e6 3.c4 b6 4.Nc3 Bb7 5.Bg5 Be7 6.e3 O-O 7.Bd3 h6 8.Bh4 c5 
9.O-O d6 10.Qe2 Nbd7 11.Rfd1 Rc8 12.Rac1 a6 13.Bb1 cxd4 14.exd4 Nh5 15.
Bxe7 Qxe7 16.Be4 Ndf6 17.Bxb7 Qxb7 18.b3 d5 19.Ne5 dxc4 20.bxc4 Nf4 21.Qf1
Ne4 22.g3 Nxc3 23.Rxc3 Nd5 24.Rb3 Ne7 25.c5 b5 26.Nc4 Nf5 27.Ne3 Nxe3 28.
fxe3 Rfd8 29.Rbd3 Qd5 30.Qg2 Qc4 31.Qd2 b4 32.Rc1 Qb5 33.Qe2 e5 34.Qf1 a5 
35.Rd2 Qc6 36.Qg2 Rd5 37.Rf1 exd4 38.exd4 Qd7 39.Rfd1 Re8 40.Qf3 Re6 41.
Qd3 h5 42.Rf2 h4 43.Rf4 hxg3 44.hxg3 Rh6 45.Qf3 Rc6 46.Rf1 f6 47.Kg2 Re6 
48.Rd1 a4 49.Re4 Rxe4 50.Qxe4 Kf7 51.Rd3 Qe6 52.Kf3 f5 53.Qxe6+ Kxe6 54.
Ke2 Rd8 55.Re3+ Kd5 56.Kd3 Rb8 57.Re5+ Kc6 58.Kc4 b3 59.d5+ Kc7 60.axb3 
axb3 61.d6+ Kc6 62.Re7 Rc8 63.Kxb3 Kd5 64.Rc7 Rb8+ 65.Kc3 g5 66.d7 Rd8 67.
c6 1-0

[Event "12th Reykjavik op"]
[Site "Reykjavik ISL"]
[Date "1986.02.11"]
[Round "1.27"]
[White "Ligterink, Gert"]
[Black "Einarsson, Halldor"]
[Result "1/2-1/2"]
[WhiteElo "2470"]
[BlackElo "2220"]
[EventDate "1986.02.11"]
[PlyCount "33"]

1.d4 Nf6 2.c4 g6 3.Nc3 Bg7 4.e4 d6 5.f4 O-O 6.Nf3 c5 7.dxc5 dxc5 8.Qxd8 
Rxd8 9.e5 Ne8 10.Be3 b6 11.Be2 Nc6 12.O-O Bf5 13.Rfd1 Nc7 14.a3 Bc2 15.
Rxd8+ Rxd8 16.Rc1 Bd3 17.Rd1 1/2-1/2

[Event "12th Reykjavik op"]
[Site "Reykjavik ISL"]
[Date "1986.02.11"]
[Round "1.29"]
[White "Kudrin, Sergey"]
[Black "Thorsteinsson, Thorsteinn"]
[Result "1-0"]
[WhiteElo "2460"]
[BlackElo "2325"]
[EventDate "1986.02.11"]
[PlyCount "91"]

1.e4 c5 2.Nf3 d6 3.d4 cxd4 4.Nxd4 Nf6 5.Nc3 g6 6.g3 Nc6 7.Nde2 b6 8.Bg2 
Ba6 9.O-O Bg7 10.h3 Rc8 11.Re1 O-O 12.Bg5 Nd7 13.Rb1 h6 14.Be3 Kh7 15.a4 
Bb7 16.Qd2 Na5 17.b3 Qc7 18.Bd4 Ba6 19.Rbc1 Bxd4 20.Qxd4 Bxe2 21.Nxe2 Qc5 
22.Qd2 Nc6 23.Red1 Qb4 24.Nf4 Qxd2 25.Rxd2 Nf6 26.Nd5 Kg7 27.Re1 Rfe8 28.
Re3 Nb8 29.Bf1 Nxd5 30.exd5 Rc7 31.h4 Rec8 32.Bd3 Kf6 33.Rde2 Re8 34.Kg2 
a6 35.Re4 Rc5 36.Rf4+ Kg7 37.Rb4 Nd7 38.Bxa6 Rxd5 39.Bb5 Rd8 40.Bxd7 Rxd7 
41.Rxb6 Ra7 42.c4 Rd4 43.Ra2 e5 44.a5 d5 45.c5 Rd1 46.a6 1-0

[Event "12th Reykjavik op"]
[Site "Reykjavik ISL"]
[Date "1986.02.12"]
[Round "2.3"]
[White "Schussler, Harry"]
[Black "Olafsson, Helgi"]
[Result "1/2-1/2"]
[WhiteElo "2455"]
[BlackElo "2545"]
[EventDate "1986.02.11"]
[PlyCount "32"]

1.d4 Nf6 2.c4 e6 3.Nf3 d5 4.Nc3 Be7 5.Bg5 h6 6.Bxf6 Bxf6 7.e3 O-O 8.Rc1 c6
9.Bd3 Nd7 10.O-O Qe7 11.Re1 Rd8 12.Qb3 dxc4 13.Bxc4 c5 14.Ne4 cxd4 15.
Nxf6+ Nxf6 16.Nxd4 e5 1/2-1/2

[Event "12th Reykjavik op"]
[Site "Reykjavik ISL"]
[Date "1986.02.12"]
[Round "2.4"]
[White "Zaltsman, Vitaly"]
[Black "Gheorghiu, Florin"]
[Result "1/2-1/2"]
[WhiteElo "2410"]
[BlackElo "2525"]
[EventDate "1986.02.11"]
[PlyCount "59"]

1.d4 Nf6 2.c4 c5 3.d5 d6 4.Nc3 g6 5.e4 Bg7 6.Nf3 O-O 7.h3 a6 8.a4 e6 9.Bd3
exd5 10.exd5 Re8+ 11.Be3 Nbd7 12.O-O Nh5 13.Qc2 Ne5 14.Nxe5 Bxe5 15.Rfe1 
f5 16.Bd2 Nf4 17.Bf1 Bd7 18.Ne2 Nxe2+ 19.Bxe2 Qf6 20.Bf3 Bxb2 21.Rab1 
Rxe1+ 22.Bxe1 Re8 23.Bd2 Bd4 24.Rxb7 Qh4 25.Bc3 Bxa4 26.Qd2 Bxc3 27.Qxc3 
Qd4 28.Qa5 Qf4 29.Qc3 Qd4 30.Qa5 1/2-1/2

[Event "12th Reykjavik op"]
[Site "Reykjavik ISL"]
[Date "1986.02.12"]
[Round "2.5"]
[White "Geller, Efim"]
[Black "Wilder, Michael"]
[Result "1/2-1/2"]
[WhiteElo "2525"]
[BlackElo "2445"]
[EventDate "1986.02.11"]
[PlyCount "225"]

1.e4 e6 2.d4 d5 3.Nd2 c5 4.exd5 exd5 5.Ngf3 Nc6 6.Bb5 Bd6 7.dxc5 Bxc5 8.
Nb3 Bb6 9.O-O Ne7 10.Re1 O-O 11.Bg5 Qd6 12.c4 h6 13.Be3 Bxe3 14.Rxe3 Bg4 
15.Bxc6 bxc6 16.c5 Qc7 17.Nbd4 Rab8 18.Qd2 Ng6 19.Rae1 Bxf3 20.Nxf3 Rb5 
21.b4 a5 22.a3 axb4 23.axb4 Qb7 24.Nd4 Rxb4 25.Nxc6 Rb1 26.Rxb1 Qxb1+ 27.
Re1 Qb5 28.Qxd5 Rc8 29.Nd8 Qxc5 30.Qxf7+ Kh7 31.Qd7 Qa5 32.Rd1 Rc2 33.Ne6 
Qc3 34.Rf1 Re2 35.Qd4 Qxd4 36.Nxd4 Ra2 37.g3 Ne5 38.h3 Rd2 39.Nf5 g6 40.
Ne3 g5 41.Ra1 Rd6 42.Ra5 Re6 43.Kg2 Nd3 44.Rd5 Ne1+ 45.Kf1 Nf3 46.Rd1 Ne5 
47.Kg2 Rf6 48.Rd5 Re6 49.Nf5 Nf7 50.Rd7 Rf6 51.g4 Kg6 52.h4 gxh4 53.Nxh4+ 
Kg7 54.Nf5+ Kg6 55.Ne7+ Kg7 56.Kg3 Rf3+ 57.Kxf3 Ne5+ 58.Kf4 Nxd7 59.Kf5 
Nf6 60.f3 Nh7 61.Nc6 Nf8 62.Ne5 Nh7 63.f4 Nf8 64.Nc4 Kf7 65.Ne5+ Kg7 66.
Nc4 Kf7 67.Ne3 Nd7 68.Nd5 Nc5 69.Nc3 Nd7 70.Ne4 Nf8 71.Nc5 Ke7 72.Ke5 Ng6+
73.Ke4 Nf8 74.Kd5 Nh7 75.Ne4 Nf8 76.Ng3 Kf6 77.Kd6 Ne6 78.Ne4+ Kf7 79.Ke5 
Nf8 80.Nd6+ Kg6 81.Ne4 Kf7 82.Nd6+ Kg6 83.Nf5 Nd7+ 84.Ke6 Nc5+ 85.Ke7 Ne4 
86.Nh4+ Kg7 87.Ke6 Nf2 88.Kf5 Kf7 89.Nf3 Nh3 90.Ne5+ Kg7 91.Nd3 Kf7 92.Ke4
Kg6 93.Ne5+ Kf6 94.Kf3 Ng1+ 95.Ke3 Nh3 96.Nf3 Kg6 97.Ne5+ Kf6 98.Nd3 Ng5 
99.Nc5 Nh7 100.Ne4+ Ke6 101.Kd4 Nf8 102.Nc5+ Kf6 103.Ne4+ Ke7 104.Ng3 Kf6 
105.Kd5 Ng6 106.Nh5+ Kf7 107.Ke4 Nf8 108.Ng3 Nd7 109.Kf5 Nf8 110.Ne4 Ke7 
111.Nc5 Kf7 112.Nd3 Ke7 113.Ne5 1/2-1/2

[Event "12th Reykjavik op"]
[Site "Reykjavik ISL"]
[Date "1986.02.12"]
[Round "2.6"]
[White "Utut Adianto"]
[Black "Salov, Valery"]
[Result "0-1"]
[WhiteElo "2400"]
[BlackElo "2525"]
[EventDate "1986.02.11"]
[PlyCount "112"]

1.d4 Nf6 2.Nf3 e6 3.c4 Bb4+ 4.Bd2 a5 5.g3 b6 6.Bg2 Bb7 7.O-O O-O 8.Bf4 Be7
9.Nc3 Ne4 10.Qc2 Nxc3 11.Qxc3 Be4 12.Rfd1 d6 13.Qe3 Bb7 14.Qd3 f5 15.Rac1 
Bf6 16.c5 bxc5 17.dxc5 d5 18.Nd4 Bxd4 19.Qxd4 Nc6 20.Qc3 Qe7 21.b3 Rfd8 
22.Be5 Rd7 23.e3 Nxe5 24.Qxe5 Bc6 25.a3 Qf6 26.Qxf6 gxf6 27.b4 Rdd8 28.Bf1
Rdb8 29.Rb1 Bb5 30.Bg2 axb4 31.axb4 Ra4 32.Rb2 c6 33.h3 Kf7 34.Bf3 e5 35.
Rdb1 Ke6 36.Bd1 Ra3 37.Kg2 h6 38.Bc2 e4 39.Bd1 Bd3 40.Bc2 Bc4 41.Bd1 Ke5 
42.Be2 Bd3 43.Bxd3 exd3 44.Kf3 d4 45.Rb3 Rba8 46.b5 cxb5 47.Rxb5 d2 48.Ke2
dxe3 49.fxe3 Rc3 50.Kxd2 Raa3 51.c6+ Ke6 52.Rc1 Rxe3 53.Rc2 Rxg3 54.c7 
Rg2+ 55.Kc1 Ra1+ 56.Kb2 Ra2+ 0-1

[Event "12th Reykjavik op"]
[Site "Reykjavik ISL"]
[Date "1986.02.12"]
[Round "2.7"]
[White "Arnason, Asgeir Thor"]
[Black "De Firmian, Nick"]
[Result "0-1"]
[WhiteElo "2240"]
[BlackElo "2520"]
[EventDate "1986.02.11"]
[PlyCount "76"]

1.Nf3 c5 2.g3 b6 3.Bg2 Bb7 4.O-O Nf6 5.d3 d5 6.Nbd2 e6 7.e4 Be7 8.Re1 Nc6 
9.e5 Nd7 10.c3 g5 11.h3 h5 12.Nf1 g4 13.hxg4 hxg4 14.N3h2 Ndxe5 15.Nxg4 
Nxg4 16.Qxg4 Qd7 17.a3 O-O-O 18.b4 d4 19.b5 Na5 20.c4 Bxg2 21.Kxg2 Qb7+ 
22.Qf3 Nb3 23.Qxb7+ Kxb7 24.Rb1 Nxc1 25.Rbxc1 Ra8 26.Nd2 a6 27.Rh1 Rxh1 
28.Rxh1 axb5 29.cxb5 Rxa3 30.Rh7 Rxd3 31.Nc4 Rc3 32.Ne5 Kc8 33.Rxf7 Bd6 
34.Nc6 d3 35.Kf3 c4 36.g4 d2+ 37.Ke2 Rd3 38.Kd1 c3 0-1

[Event "12th Reykjavik op"]
[Site "Reykjavik ISL"]
[Date "1986.02.12"]
[Round "2.10"]
[White "Hjartarson, Johann"]
[Black "Pyhala, Antti"]
[Result "1-0"]
[WhiteElo "2505"]
[BlackElo "2340"]
[EventDate "1986.02.11"]
[PlyCount "97"]

1.Nf3 f5 2.g3 Nf6 3.Bg2 d6 4.d4 c6 5.O-O Qc7 6.c4 e5 7.dxe5 dxe5 8.Nc3 Bc5
9.Rb1 Qe7 10.Na4 Bd6 11.Qc2 O-O 12.c5 Bc7 13.b4 Na6 14.b5 cxb5 15.Rxb5 Rb8
16.Ba3 Kh8 17.Qb2 Qe8 18.c6 Rg8 19.Nxe5 bxc6 20.Nxc6 Rxb5 21.Qxb5 Nb8 22.
Nxa7 Bd7 23.Qc4 Bxg3 24.hxg3 Bxa4 25.Bb2 Ng4 26.Ba1 Bd7 27.Rd1 Be6 28.Qc7 
h6 29.Rd2 Nd7 30.Nc6 Qh5 31.Rxd7 Bxd7 32.Qxd7 f4 33.Nd8 Qg6 34.Nf7+ Kh7 
35.Qd3 Re8 36.Qxg6+ Kxg6 37.Bf3 fxg3 38.Bxg4 gxf2+ 39.Kxf2 Kxf7 40.a4 Ra8 
41.Bd7 g5 42.Bc3 Ke7 43.Bb5 Kd6 44.a5 Kc5 45.Bd3 h5 46.a6 g4 47.Kg3 Re8 
48.Be1 Kc6 49.Bf2 1-0